000 00462 a2200109 4500
001 ART_6779
005 20260410161719.0
008 260409a
245 1 0 _aAportes para mejorar la utilidad de la información que suministran los estados contables. Medios para lograrlo. Un sustancial cambio de paradigma que orienta a la contabilidad.
100 1 _aBiondi, Mario
773 0 _tContabilidad y auditoría
_g- Año 1, Nº 1 (dic. 1995)
_wREV1723
999 _c16800
_d16800